000 00700nam a2200265Ia 4500
003 OSt
005 20220918164632.0
006 a|||||r|||| 00| 0
007 ta
008 220917b |||||||| |||| 00| 0 eng d
020 _a0706914252
024 _a27,683
037 _cTextual
040 _aARTS
_cARTS
_beng
041 _2eng
_aeng
082 _aO111,2N:g, M1
100 _aMisra K S
_919810
245 0 _aModern tragedies and aristotiles theory
260 _aNew Delhi
_bVikas Pub House India
_c1981
300 _avi, 252p.
_ccm.
500 _aBib 242-52p
650 _aENGLISH LITERATURE
942 _hO111,2N:g, M1
_cTEXL
_2CC
999 _c125677
_d125677